Holiday Quiz

Random Holiday or Food Quiz

Holidays by Cake Quiz Stats

Quiz Updated Nov 7, 2014

Also try: Easter Eggs
Challenge
Share
Tweet
Score 0/16 Timer 05:00
1 Play Today
% Correct
Halloween
99.5%
St. Patrick's Day
97.5%
Valentine's Day
97.3%
American Independence Day
95.5%
Thanksgiving
95.1%
Christmas
94.6%
New Year's Eve
91.8%
Canada Day
88.4%
% Correct
Super Bowl Sunday
88.4%
Groundhog Day
87.7%
Earth Day
87.4%
Pi Day
78.7%
Mardi Gras
75.7%
Ides of March
47.4%
Remembrance Day
39.2%
Guy Fawkes Night
31.5%

You're not logged in!

Compare scores with friends on all Sporcle quizzes.
Join for Free
OR
Log In

You Might Also Like...

Show Comments

Extras

Top Quizzes Today


Score Distribution

Your Account Isn't Verified!

In order to create a playlist on Sporcle, you need to verify the email address you used during registration. Go to your Sporcle Settings to finish the process.

Report this User

Report this user for behavior that violates our Community Guidelines.

Details: